000 01148nab a2200229 4500
001 768714001
003 CO-MdFUSB
005 20230419092941.0
008 171012s2016 gt ||||| |||| 00| 0 spa d
022 _a1014-9341
040 _aCO-MdFUSB
_bspa
_cCO-MdFUSB
_dCO-MdFUSB
041 _aspa
100 _aSywulka, Pablo
_eautor
245 _aLa misión de Jesús en el evangelio según San Juan
_c/ Pablo Sywulka
300 _aNúmero 58-59 (Enero - Diciembre, 2016), páginas 159-173
_c; 22 cm
520 1 _aUn estudio de aquellos términos que el evangelista Juan utiliza para hablar del envío y la venida de Jesús a este mundo, y un repaso de las ideas principales de su prólogo (Jn 1:1-18) resultan iluminadores a la hora de entender la misión de Jesús. A la vez, dicho entendimiento puede ayudarnos a reflexionar en cuanto a la forma en la que la iglesia actual debe llevar a cabo su misión.
630 0 7 _aBiblia.
_pJuan
_xCrítica, interpretación, etc.
650 7 _9239
_aCristología
653 _aMisión
773 _049489
_976153
_gNúmero 58-59 (Enero - Diciembre, 2016), páginas 159-173
_qPágina 159
_tKairós
942 _cANA
999 _c64076
_d64076